000 00804nam a22001577a 4500
008 140827b xxu||||| |||| 00| 0 eng d
020 _a0406091609
050 _aKD277.7.L39(1890 vol.25)
245 _aThe Law Reports (1890 vol.25) Queen's Bench Division: under the superintendence and control of the incorporated council of law reporting for england and wales:Supreme court of judicature cases determined in the queen's bench division and on appeal therefrom in the court of appeal, decisions on crown cases reserved, and decisions of the railway and canal commission. /
_cEdited by A. P. Stone.
260 _aLondon:
_bButterworth & Co. Ltd,
_c1890.
300 _axvi, 568p.:
_c24cm.
440 _pQueen's Bench Division.
_vvol 25
700 _aStone, A. P.
800 _4Stone, A.P.
942 _2lcc
_cBK
999 _c3773
_d11273